000 004720000a22001930004500
020 _a1-904364-24-1
041 0 _aSPA
082 0 4 _aG 261.8 C3231u
100 1 _aCarter, Isabel
245 1 0 _aUna sana alimentación / Isabel Carter
260 _aInglaterra : Tearfund
300 _a52 Pag
440 0 _aSerie Pilares
001 6249
942 _cBK
999 _c36522
_d36522
336 _atexto
_btxt
_2rdacontent
337 _2rdamedia
_asin mediación
_bn
338 _2rdacarrier
_avolumen
_bnc